| 000 | 00804cam a2200253 i 4500 | ||
|---|---|---|---|
| 001 | 17576861 | ||
| 005 | 20180206042644.0 | ||
| 008 | 121231s2013 nyua b 001 0 eng | ||
| 010 | _a 2012050082 | ||
| 020 | _a9780393921069 (pbk.) | ||
| 040 |
_aDLC _beng _cDLC _erda |
||
| 041 | _aeng | ||
| 042 | _apcc | ||
| 043 | _an-us--- | ||
| 080 | _a320.473 WIL | ||
| 082 | 0 | 0 |
_a320.473 WIL _223 |
| 100 | 1 | _a22 | |
| 101 | _aPOL | ||
| 245 | 1 | 0 |
_aAmerican politics today / _cWilliam T. Bianco, Indiana University, Bloomington, David T. Canon, University of Wisconsin, Madison. |
| 504 | _aIncludes bibliographical references and index. | ||
| 906 |
_a7 _bcbc _corignew _d1 _eecip _f20 _gy-gencatlg |
||
| 942 |
_2ddc _cBK |
||
| 999 |
_c41893 _d41893 |
||